Detalles MARC
| 000 -CABECERA |
| campo de control de longitud fija |
01332nam a2200265 a 4500 |
| 001 - NÚMERO DE CONTROL |
| campo de control |
000021500 |
| 005 - FECHA Y HORA DE LA ÚLTIMA TRANSACCIÓN |
| campo de control |
20251120073732.0 |
| 008 - DATOS DE LONGITUD FIJA--INFORMACIÓN GENERAL |
| campo de control de longitud fija |
100908s1988 dr r 001 0 spa d |
| 040 ## - FUENTE DE LA CATALOGACIÓN |
| Centro catalogador/agencia de origen |
DO-SdBNP |
| Lengua de catalogación |
spa |
| Centro/agencia transcriptor |
BNPHU |
| 082 ## - NÚMERO DE LA CLASIFICACIÓN DECIMAL DEWEY |
| Número de clasificación |
510.2433 |
| Número de documento/Ítem |
L865m, 1988 |
| 100 1# - ENTRADA PRINCIPAL--NOMBRE DE PERSONA |
| Nombre de persona |
Lora, Ricardo |
| 9 (RLIN) |
11771 |
| 245 10 - MENCIÓN DE TÍTULO |
| Título |
Matemáticas financieras / |
| Mención de responsabilidad, etc. |
Ricardo Lora. |
| 250 ## - MENCIÓN DE EDICIÓN |
| Mención de edición |
5a. ed. |
| 260 ## - PUBLICACIÓN, DISTRIBUCIÓN, ETC. |
| Lugar de publicación, distribución, etc. |
Santiago de los Caballeros : |
| Nombre del editor, distribuidor, etc. |
UCMM, |
| Fecha de publicación, distribución, etc. |
1988. |
| 300 ## - DESCRIPCIÓN FÍSICA |
| Extensión |
260 p. : |
| Otras características físicas |
graf. ; |
| Dimensiones |
25 cm. |
| 490 1# - MENCIÓN DE SERIE |
| Mención de serie |
Textos |
| 500 ## - NOTA GENERAL |
| Nota general |
Incluye datos biográficos del autor en la contracubierta |
| 505 0# - NOTA DE CONTENIDO CON FORMATO |
| Nota de contenido con formato |
Los números. Repaso de algunas operaciones - Exponentes. Logaritmos; concepto, tabla y su uso - Algunas nociones de estadística - Depreciación - Descuento comercial - Calculo de precios y beneficio - Interés simple - Valor actual u descuento bancario - Interés compuesto - Anualidades vencidas u ordinarias - Anualidades anticipadas y diferidas - Amortización - Bonos. Algunas operaciones - Caso general de las anualidades ciertas. |
| 590 ## - NOTA LOCAL (RLIN) |
| Nota local |
Inventariado, 2018/BT |
| 650 #4 - PUNTO DE ACCESO ADICIONAL DE MATERIA--TÉRMINO DE MATERIA |
| Término de materia o nombre geográfico como elemento de entrada |
Matemáticas financieras |
| Subdivisión general |
Enseñanzas |
| 9 (RLIN) |
11772 |
| 650 #4 - PUNTO DE ACCESO ADICIONAL DE MATERIA--TÉRMINO DE MATERIA |
| Término de materia o nombre geográfico como elemento de entrada |
Matemáticas financieras |
| Subdivisión general |
Problemas, ejercicios, etc. |
| 9 (RLIN) |
7100 |
| 710 22 - PUNTO DE ACCESO ADICIONAL--NOMBRE DE ENTIDAD CORPORATIVA |
| Nombre de entidad corporativa o nombre de jurisdicción como elemento de entrada |
Pontificia Universidad Católica Madre y Maestra |
| 9 (RLIN) |
843 |
| 830 #0 - PUNTO DE ACCESO ADICIONAL DE SERIE-TÍTULO UNIFORME |
| Título uniforme |
Textos |
| 9 (RLIN) |
14460 |
| 910 ## - DATOS DE OPCIÓN DEL USUARIO (OCLC) |
| Datos de opción del usuario |
Validado. Control de calidad. MFF |